| 000 | 00536nam a2200181Ia 4500 | ||
|---|---|---|---|
| 008 | 240925s9999 xx 000 0 und d | ||
| 020 | _a8178080422 | ||
| 082 | _a005.117 BRU | ||
| 100 | _aDouglass, ,Bruce Powel | ||
| 245 | 0 | _aReal-time UML: developing efficient object for embeddid systems | |
| 250 | _a2nd | ||
| 260 |
_aNew York: _bFree Press _c,2000. |
||
| 300 |
_axxviii,573p. _bNA _fOriginal |
||
| 500 | _aIncludes Index | ||
| 600 | _aComputer Science | ||
| 650 | _aComputer science, information & general works | ||
| 942 | _cBK | ||
| 999 |
_c7122 _d7122 |
||